Physical studies of n-alkyl-p-(4-ethoxybenzylidene amino)-alpha-methyl cinnamates

Bibliographic Details
Main Authors: Ranga Reddy, R. N. V. (Author), Murthy, V. R. (Author), Narasimha Murthy, Y. (Author), Siva Kumar, K. V. (Author)
Format: Article
Language:Slovak
English
PhysicalDescription:Graf 1, tab. 3, lit. 23 zázn. v angl.
ISSN:0323-0465
Subjects:

MARC

LEADER 00000nab a2200000 a 4500
001 vtls000511147
003 SK-MaSNL
005 20260304090433.0
008 250425c1993 xo 0 slo
015 |a SNBRB19rr/mm-uuuuu 
035 |a CL0511285 
035 |a urn:nbn:sk:snk-abcs6 
035 |a (urnnbn)urn:nbn:sk:snk:ar-a047sh 
035 |a (uuid)be7374f8-6168-42fb-9a5d-03858c48516a 
040 |a SNKBUCL  |b slo  |c SNKBUCL  |e AACR2 
041 0 |a eng 
044 |a xo  |c SK 
080 |a 539.194:537.621:548.0  |2 1981 
080 |a 537.621  |2 1981 
080 |a 548.0  |2 1981 
080 |a 541.1  |2 1981 
245 0 0 |a Physical studies of n-alkyl-p-(4-ethoxybenzylidene amino)-alpha-methyl cinnamates  |c R. N. V. Ranga-Reddy ... [et al.] 
300 |b Graf 1, tab. 3, lit. 23 zázn. v angl. 
650 0 7 |a kryštály tekuté  |2 snkbucl  |9 1030605 
650 0 7 |a cinamáty  |2 snkbucl  |9 1381471 
650 0 7 |a polarizovateľnosť molekulová  |2 snkbucl  |9 1381472 
655 7 |a články z novín a časopisov  |2 snkbucl  |9 267496 
700 1 |a Ranga Reddy, R. N. V.  |4 aut  |9 1183072 
700 1 |a Murthy, V. R.  |4 aut  |9 1183075 
700 1 |a Narasimha Murthy, Y.  |4 aut  |9 1381473 
700 1 |a Siva Kumar, K. V.  |4 aut  |9 1381474 
773 0 |t Acta physica slovaca  |g Roč. 43, č. 5 (1993), s. 375-382  |x 0323-0465 
850 |a Slovenská národná knižnica 
852 |a Slovenská národná knižnica 
958 |a article27 
958 |a RK 
958 |a NB 
958 |a OND 
958 |a EUIPO 
992 |a RBX 
999 |c 2811462  |d 2813392